The implications of condition precedent non-compliance (Record no. 68081)
[ view plain ]
| 000 -LEADER | |
|---|---|
| fixed length control field | 01587cam a2200277 4500 |
| 001 - CONTROL NUMBER | |
| control field | ABS64321 |
| 008 - FIXED-LENGTH DATA ELEMENTS--GENERAL INFORMATION | |
| fixed length control field | 010828n2001 000 0 eng u |
| 035 ## - SYSTEM CONTROL NUMBER | |
| System control number | (Sirsi) u114334 |
| 100 ## - MAIN ENTRY--PERSONAL NAME | |
| Personal name | Brewer, G |
| 245 #4 - TITLE STATEMENT | |
| Title | The implications of condition precedent non-compliance |
| 260 ## - PUBLICATION, DISTRIBUTION, ETC. | |
| Date of publication, distribution, etc. | 2001 |
| 490 ## - SERIES STATEMENT | |
| Series statement | Contract Journal |
| Volume/sequential designation | 410(6341) 22 August 2001, 24(1) |
| 490 ## - SERIES STATEMENT | |
| Series statement | Contract Journal |
| Volume/sequential designation | 418(6429) 4 June 2003, 21(1) |
| 490 ## - SERIES STATEMENT | |
| Series statement | Construction News |
| Volume/sequential designation | (6823) 3 July 2003, 24(1) |
| 520 ## - SUMMARY, ETC. | |
| Summary, etc. | Considers the case "City Inn Ltd v Shepherd Construction Ltd" and the issue raised over whether a requirement for notices stated to be 'condition precedent' to a contractor's entitlement may be construed as a penalty and unenforceable. The clause was designed to ensure the employer would be informed if and when the contractor thought that the issue of an architect's instruction would cause delay. The implication in this case shows that a clause requiring notification and particulars of the effects of instructions as a condition precedent to an entitlement for extension of time will generally not be construed as a penalty. |
| 590 ## - LOCAL NOTE (RLIN) | |
| Local note | ABS |
| 650 ## - SUBJECT ADDED ENTRY--TOPICAL TERM | |
| Topical term or geographic name entry element | CONDITION PRECEDENTS |
| 650 ## - SUBJECT ADDED ENTRY--TOPICAL TERM | |
| Topical term or geographic name entry element | NON-COMPLIANCE |
| 650 ## - SUBJECT ADDED ENTRY--TOPICAL TERM | |
| Topical term or geographic name entry element | CITY INN LTD V SHEPHERD CONSTRUCTION LTD |
| 650 ## - SUBJECT ADDED ENTRY--TOPICAL TERM | |
| Topical term or geographic name entry element | MANAGEMENT-DISPUTE AVOIDANCE, MANAGEMENT AND RESOLUTION-DISPUTE MANAGEMENT AND RESOLUTION-ALTERNATIVE DISPUTE RESOLUTION-ADJUDICATION |
| 650 ## - SUBJECT ADDED ENTRY--TOPICAL TERM | |
| Topical term or geographic name entry element | PENALTIES |
| 650 ## - SUBJECT ADDED ENTRY--TOPICAL TERM | |
| Topical term or geographic name entry element | CONTRACT CLAUSES |
| 650 ## - SUBJECT ADDED ENTRY--TOPICAL TERM | |
| Topical term or geographic name entry element | EXTENSION OF TIME |
| 690 ## - LOCAL SUBJECT ADDED ENTRY--TOPICAL TERM (OCLC, RLIN) | |
| Topical term or geographic name as entry element | BUILDING AND CONSTRUCTION-CONTRACTS-JCT CONTRACTS |
| 942 ## - ADDED ENTRY ELEMENTS (KOHA) | |
| Suppress in OPAC | 0 |
| Withdrawn status | Lost status | Source of classification or shelving scheme | Damaged status | Not for loan | Home library | Current library | Shelving location | Date acquired | Total Checkouts | Full call number | Barcode | Date last seen | Copy number | Price effective from | Koha item type |
|---|---|---|---|---|---|---|---|---|---|---|---|---|---|---|---|
| Dewey Decimal Classification | London | London | Journal article | 28/08/2001 | ABS64321 | 114334-1001 | 06/08/2019 | 1 | 06/08/2019 | Journal article |